01546nam a2200289 a 450000100100000000500170001000800410002704000250006808200170009311100330011024500880014324600900023126000620032130000210038359000260040465000710043065000760050165100500057765100500062770000420067771001160071991000380083595201300087395201150100395201210111899900170123900002243520200930021624.0101011s2002 dr 000 0 spa d aDO-SdBNPbspacBNPHU a327.8bC969c2 aCumbre Iberoamericana94624710aCumbres iberoamericanas de jefes de estado y de gobierno /cMiguel Reyes Sánchez.14aCumbres iberoamericanas de jefes de estado y de gobierno:bdocumentos y declaraciones aSanto Domingo :bEscuela Diplomática y Consular,c2002. a774 p. ;c22 cm. aInventariado, 2018/BT 4aConferencias interamericanasxCongresos, conferencias, etc.946248 4aJefes de estadozAmérica LatinaxCongresos, conferencias, etc.946249 4aAmérica LatinaxRelacioneszEspaña919200 4aAmérica LatinaxRelaciones Exteriores9407512aReyes Sánchez, Miguel,d1966-9228512aRepública DominicanabSecretaría de Estado de Relaciones ExterioresbEscuela Diplomática y Consular92252 aValidado. Control de calidad. MFF 001054708DSaGRbGRcHDd2010-10-11iLF1l0o327.8 C969cp22435-30r2020-06-25te. 3w2020-06-25yLFDSZPréstamo en sala 0010718PDaPDbPDcHDd2010-10-11iLF1l0o327.8 C969cp22435-10r2020-06-25w2020-06-25yLFPDZNo se presta 0010718PDaPDbPDcHDd2010-10-11iLF1l0o327.8 C969cp22435-20r2020-06-25te. 2w2020-06-25yLFPDZNo se presta c21933d21933